| 000 -LEADER |
| fixed length control field |
00659nam a22002057a 4500 |
| 003 - CONTROL NUMBER IDENTIFIER |
| control field |
OSt |
| 005 - DATE AND TIME OF LATEST TRANSACTION |
| control field |
20240910094105.0 |
| 008 - FIXED-LENGTH DATA ELEMENTS--GENERAL INFORMATION |
| fixed length control field |
240910b ||||| |||| 00| 0 eng d |
| 020 ## - INTERNATIONAL STANDARD BOOK NUMBER |
| International Standard Book Number |
9780008202781 |
| 040 ## - CATALOGING SOURCE |
| Transcribing agency |
KH8 |
| 082 ## - DEWEY DECIMAL CLASSIFICATION NUMBER |
| Classification number |
499.288 CAM |
| 100 ## - MAIN ENTRY--PERSONAL NAME |
| Personal name |
Nor Najwa Azmee, |
| Relator term |
author. |
| 245 ## - TITLE STATEMENT |
| Title |
Cambridge IGCSE Malay as a Foreign Language : |
| Remainder of title |
Workbook / |
| Statement of responsibility, etc. |
Nor Najwa Azmee & Halimahtun Kamariah Hamzah. |
| 260 ## - PUBLICATION, DISTRIBUTION, ETC. |
| Place of publication, distribution, etc. |
London; |
| Name of publisher, distributor, etc. |
Harper Collins Publishers, |
| Date of publication, distribution, etc. |
2017. |
| 300 ## - PHYSICAL DESCRIPTION |
| Extent |
104 pages: |
| Other physical details |
illustrations; |
| Dimensions |
19 cm. |
| 650 ## - SUBJECT ADDED ENTRY--TOPICAL TERM |
| Topical term or geographic name entry element |
Malay language |
| Form subdivision |
Foreign language |
| 650 ## - SUBJECT ADDED ENTRY--TOPICAL TERM |
| Topical term or geographic name entry element |
Malay language |
| Form subdivision |
Workbook |
| 700 ## - ADDED ENTRY--PERSONAL NAME |
| Personal name |
Halimahtun Kamariah Hamzah |
| 942 ## - ADDED ENTRY ELEMENTS (KOHA) |
| Source of classification or shelving scheme |
|
| Koha item type |
Teaching Resources |